Govt. of
Madhya Pradesh

सम्‍पत्ति अन्‍तरण अधिनियम 1882 (Record no. 52850)

MARC details
000 -LEADER
fixed length control field 00544nam a22001697a 4500
003 - CONTROL NUMBER IDENTIFIER
control field MACL
005 - DATE AND TIME OF LATEST TRANSACTION
control field 20160127130344.0
008 - FIXED-LENGTH DATA ELEMENTS--GENERAL INFORMATION
fixed length control field 160127b xxu||||| |||| 00| 0 eng d
040 ## - CATALOGING SOURCE
Transcribing agency MACL
041 ## - LANGUAGE CODE
Language code of text/sound track or separate title Hindi
082 ## - DEWEY DECIMAL CLASSIFICATION NUMBER
Classification number 346.043/CHU
100 ## - MAIN ENTRY--PERSONAL NAME
Personal name मुरलीधर चतुर्वेदी
9 (RLIN) 34674
245 ## - TITLE STATEMENT
Title सम्‍पत्ति अन्‍तरण अधिनियम 1882
260 ## - PUBLICATION, DISTRIBUTION, ETC. (IMPRINT)
Place of publication, distribution, etc. लखनउ
Name of publisher, distributor, etc. ईस्‍टर्न बुक कम्‍पनी
Date of publication, distribution, etc. 1999
650 ## - SUBJECT ADDED ENTRY--TOPICAL TERM
Topical term or geographic name as entry element Private Law
9 (RLIN) 21264
942 ## - ADDED ENTRY ELEMENTS (KOHA)
Source of classification or shelving scheme
Koha item type Hindi Books

No items available.